SHP Genel Başkanı Devlet Bakanı ve Başbakan yardımcısı Erdal İnönü SHP ile daha çok huzur SHP ile daha çok Güven (Record no. 9678)

MARC details
000 -BAŞLIK
Sabit Uzunlukta Kontrol Alanı 01081na a2200289 4500
001 - KONTROL NUMARASI
Denetim Alanı 22419
003 - KONTROL NUMARASI IDENTIFIER
Denetim Alanı MIRAKIL
005 - SON İŞLEM TARİHİ VE ZAMANI
Denetim Alanı 20181213155254.0
008 - SABİT-BOY VERİ ELEMANLARI - GENEL BİLGİLER
Sabit Uzunlukta Kontrol Alanı 170213b tu 000 0
035 ## - SİSTEM KONTROL NUMARASI
Sistem Kontrol Numarası 22419
040 ## - KATALOGLAMA KAYNAK
Orijinal Kataloglama Ajansı Milas
Kataloglama Dili tur
Metne Dönüştürmek Ajansı TR-AnCHP
041 ## - DİL KODU
Metin / Ses Parça Veya Ayrı Başlığın Dil Kodu tur
090 ## - SINIFLAMA NUMARASI
Sınıflama Numarası SHP 38
110 ## - ANA GİRİŞ - KURUMSAL ADI
Giriş Elemanı Olarak Kurumsal Ad Veya Yargı Alanı Adı Sosyaldemokrat Halkçı Parti (SHP)
240 ## - ÜNİFORM BAŞLIK
Üniforma Başlık <a href="SHP ile daha çok huzur SHP ile daha çok Güven">SHP ile daha çok huzur SHP ile daha çok Güven</a>
245 ## - BAŞLIK TABLOSU
Başlık SHP Genel Başkanı Devlet Bakanı ve Başbakan yardımcısı Erdal İnönü SHP ile daha çok huzur SHP ile daha çok Güven
Başlığın Kalan SHP ile daha çok huzur SHP ile daha çok Güven
Sorumluluk Tablosu, Vb [Erdal İnönü]
246 ## - UNVAN FORM VARYING
Başlık Doğru / Kısa Başlığı SHP seçim kampanyaları
246 ## - UNVAN FORM VARYING
Başlık Doğru / Kısa Başlığı SHP ile daha çok huzur SHP ile daha çok Güven
260 ## - YAYIN, DAĞITIM, VB
Yayın, Dağıtım, Vb Yeri Ankara
Yayıncı, Dağıtıcı, Vs Adı SHP
Yayın, Dağıtım, Vb Tarihi [t.y.]
300 ## - FİZİKSEL TANIM
Kapsam Katlı broşür
Boyutlar 24 sm.
440 ## - SERİSİ TABLOSU / KATMA GİRİŞİ - BAŞLIK
Başlık Sosyaldemokrat Halkçı Parti (SHP) yayınları
Bir İşin Parçası / Bölümün İsmi Seçim kampanyaları
-- Programlar
610 ## - KONU KATMA GİRİŞ - TOPLANTI ADI
Giriş Elemanı Olarak Kurumsal Ad Veya Yargı Alanı Adı SHP
Kronolojik Alt Bölüm Genel seçimler
610 ## - KONU KATMA GİRİŞ - TOPLANTI ADI
Giriş Elemanı Olarak Kurumsal Ad Veya Yargı Alanı Adı SHP
Genel Alt Bölüm Propaganda ve ideolojiler
Kronolojik Alt Bölüm Seçim kampanyası yönetimi
942 ## - EKLENDİ GİRİŞ ELEMANLARI (KOHA)
Sınıflandırma Veya Raf Düzeni Kaynak Dewey Decimal Classification
Koha Öğesi Türü Books
999 ## - SİSTEM KONTROL NUMARALARI (KOHA)
Koha Biblionumber 9678
Koha Biblioitemnumber 9678
657 ## - INDEX SÜRE - İŞLEVİ
-- SHP tarım programı
Holdings
Kullanım Kısıtlamaları Kalıcı Konum Mevcut Konum Edinme Tarihi Edinim Kaynak Kodlu Konum Eleme Toplam Check-Out'Lar Tam Çağrı Numarası Barkod Tarih Son Görülme Kopya Sayısı İtibaren Geçerli Fiyatlar Koha Öğesi Türü
Kütüphane dışına çıkarılamaz CHP Kütüphanesi CHP Kütüphanesi 02/13/2017 Bağış SHP   SHP 38 014263 02/13/2017 k.40 02/13/2017 Books